[Event "Quebec-ch classe"]
[Site "Trois Rivieres"]
[Date "2006.10.08"]
[Round "4"]
[White "Lemire Paquin, Alexandre"]
[Black "Schleifer, Michael"]
[Result "1-0"]
[WhiteElo "2009"]
[BlackElo "2298"]
[PlyCount "48"]
[EventDate "2006.10.06"]
[EventType "swiss"]
[EventRounds "5"]
[EventCountry "CAN"]
[SourceTitle "EXT 2022"]
[Source "ChessBase"]
[SourceDate "2021.10.06"]
[SourceVersion "1"]
[SourceVersionDate "2021.10.06"]
[SourceQuality "1"]

1. e4 c5 2. Nf3 e6 3. d3 d5 4. Nbd2 Nc6 5. g3 Bd6 6. Bg2 Nge7 7. 0-0 0-0 8. Re1 Bc7 9. c3 b6 10. Nf1 a5 11. e5 Ba6 12. a3 a4 13. h4 Na5 14. Bf4 Nb3 15. Rb1 Qd7 16. N1h2 Ng6 17. h5 Nxf4 18. gxf4 f5 19. Ng5 h6 20. Nh3 Rab8 21. Kh1 d4 22. c4 b5 23. cxb5 Qxb5 24. Bf1 Ba5 1-0

[Event "Quebec-ch classe"]
[Site "Trois Rivieres"]
[Date "2006.10.06"]
[Round "1"]
[White "Schleifer, Michael"]
[Black "Poirier, Erik"]
[Result "1-0"]
[WhiteElo "2298"]
[BlackElo "2125"]
[PlyCount "41"]
[EventDate "2006.10.06"]
[EventType "swiss"]
[EventRounds "5"]
[EventCountry "CAN"]
[SourceTitle "EXT 2022"]
[Source "ChessBase"]
[SourceDate "2021.10.06"]
[SourceVersion "1"]
[SourceVersionDate "2021.10.06"]
[SourceQuality "1"]

1. c4 e5 2. Nc3 Nc6 3. Nf3 g6 4. d4 exd4 5. Nxd4 Bg7 6. e3 Nge7 7. Be2 0-0 8. 0-0 Nxd4 9. exd4 d5 10. Bg5 dxc4 11. Bxc4 h6 12. Bh4 g5 13. Bg3 Qxd4 14. Qxd4 Bxd4 15. Nb5 Bxb2 16. Rab1 Bf6 17. Nxc7 Bf5 18. Rxb7 Rad8 19. Rxa7 Bd4 20. Ra6 Bg6 21. Bd6 1-0

[Event "Canada zt"]
[Site "Toronto"]
[Date "2006.08.26"]
[Round "9"]
[White "Schleifer, Michael"]
[Black "Lawson, Eric"]
[Result "0-1"]
[WhiteElo "2340"]
[BlackElo "2393"]
[PlyCount "78"]
[EventDate "2006.08.18"]
[EventType "swiss"]
[EventRounds "9"]
[EventCountry "CAN"]
[SourceTitle "CBM 113 Extra"]
[Source "ChessBase"]
[SourceDate "2006.09.14"]
[SourceVersion "1"]
[SourceVersionDate "2006.09.14"]
[SourceQuality "1"]

1. d4 Nf6 2. Nf3 c5 3. c4 g6 4. g3 Bg7 5. Bg2 0-0 6. d5 e6 7. Nc3 exd5 8. cxd5 d6 9. 0-0 Re8 10. Nd2 Nbd7 11. Rb1 Nb6 12. a4 Bd7 13. b3 a6 14. a5 Nc8 15. Nc4 Bb5 16. Bd2 Rb8 17. Na4 Ne4 18. Bxe4 Rxe4 19. Nc3 Rd4 20. e3 Bxc4 21. bxc4 Rxc4 22. Na4 Re4 23. Nb6 Na7 24. Qc2 f5 25. f3 Re8 26. Rbe1 Nb5 27. Qd3 Qc7 28. e4 Qf7 29. Kg2 Be5 30. Nc4 Qf6 31. h4 Rbc8 32. Bg5 Qf7 33. Nb6 Rc7 34. exf5 gxf5 35. Rf2 Nd4 36. Kh3 Qg6 37. Rg2 h6 38. Be3 Nxf3 39. g4 Nxe1 0-1

[Event "Canada zt"]
[Site "Toronto"]
[Date "2006.08.25"]
[Round "8"]
[White "Noritsyn, Nikolay"]
[Black "Schleifer, Michael"]
[Result "1/2-1/2"]
[WhiteElo "2354"]
[BlackElo "2340"]
[PlyCount "105"]
[EventDate "2006.08.18"]
[EventType "swiss"]
[EventRounds "9"]
[EventCountry "CAN"]
[SourceTitle "CBM 113 Extra"]
[Source "ChessBase"]
[SourceDate "2006.09.14"]
[SourceVersion "1"]
[SourceVersionDate "2006.09.14"]
[SourceQuality "1"]

1. c4 Nf6 2. Nc3 b6 3. d4 Bb7 4. f3 d5 5. cxd5 Nxd5 6. Nxd5 Qxd5 7. e4 Qd7 8. Ne2 e6 9. Nc3 Be7 10. Bb5 c6 11. Be2 0-0 12. Be3 Rd8 13. Qb3 Qc8 14. 0-0 c5 15. d5 exd5 16. Nxd5 Bxd5 17. exd5 Bd6 18. Bf2 Qc7 19. g3 Nd7 20. Ba6 Nf6 21. Rad1 Bf8 22. Rfe1 Ne8 23. Qc2 Qd7 24. a4 Nd6 25. Bf1 g6 26. a5 Bg7 27. Qd2 Rab8 28. axb6 axb6 29. b3 Qb7 30. Kg2 Rbc8 31. Qg5 h6 32. Qf4 Ra8 33. Re2 Ra3 34. Rb1 Raa8 35. Rd2 h5 36. b4 Ra4 37. Qg5 Qc8 38. bxc5 bxc5 39. Rc2 c4 40. Rb6 c3 41. Rc6 Qa8 42. Bb6 Rd7 43. Bd3 Ra2 44. Bf2 Rxc2 45. Bxc2 Qa2 46. Bd3 Bd4 47. Bxg6 Qxf2+ 48. Kh3 fxg6 49. Qxg6+ Rg7 50. Rc8+ Nxc8 51. Qe8+ Kh7 52. Qxh5+ Kg8 53. Qe8+ 1/2-1/2

[Event "Canada zt"]
[Site "Toronto"]
[Date "2006.08.22"]
[Round "5"]
[White "Schleifer, Michael"]
[Black "Tremblay, Rejean"]
[Result "1-0"]
[WhiteElo "2340"]
[BlackElo "2139"]
[PlyCount "101"]
[EventDate "2006.08.18"]
[EventType "swiss"]
[EventRounds "9"]
[EventCountry "CAN"]
[SourceTitle "CBM 113 Extra"]
[Source "ChessBase"]
[SourceDate "2006.09.14"]
[SourceVersion "1"]
[SourceVersionDate "2006.09.14"]
[SourceQuality "1"]

1. d4 Nf6 2. c4 e6 3. Nf3 d5 4. g3 dxc4 5. Qa4+ Bd7 6. Qxc4 Bc6 7. Bg2 Bd5 8. Qa4+ Bc6 9. Qd1 e5 10. 0-0 exd4 11. Nxd4 Bxg2 12. Kxg2 Bc5 13. Nb3 Qxd1 14. Rxd1 Bb6 15. a4 Nbd7 16. a5 Bc5 17. Nxc5 Nxc5 18. Be3 Ne6 19. Nc3 Ke7 20. f4 g6 21. Bg1 Rhd8 22. e4 Rxd1 23. Rxd1 c6 24. e5 Nd7 25. Ne4 b6 26. b4 Rc8 27. Nd6 Rc7 28. Kf3 bxa5 29. bxa5 c5 30. Ke4 f6 31. Kd5 a6 32. Rc1 h5 33. Be3 f5 34. Rc3 c4 35. Rxc4 Rxc4 36. Nxc4 h4 37. gxh4 Nc7+ 38. Kc6 Ne6 39. Nd6 Nd8+ 40. Kd5 Ne6 41. h5 gxh5 42. Nxf5+ Kf7 43. Nd6+ Ke7 44. f5 Nc7+ 45. Kc6 Ne6 46. fxe6 Kxe6 47. Nc4 Nxe5+ 48. Nxe5 Kxe5 49. Kb6 Kd6 50. Bf4+ Kd7 51. h4 1-0

[Event "Canada zt"]
[Site "Toronto"]
[Date "2006.08.21"]
[Round "4"]
[White "Lipnowski, Samuel"]
[Black "Schleifer, Michael"]
[Result "0-1"]
[WhiteElo "2247"]
[BlackElo "2340"]
[PlyCount "98"]
[EventDate "2006.08.18"]
[EventType "swiss"]
[EventRounds "9"]
[EventCountry "CAN"]
[SourceTitle "CBM 113 Extra"]
[Source "ChessBase"]
[SourceDate "2006.09.14"]
[SourceVersion "1"]
[SourceVersionDate "2006.09.14"]
[SourceQuality "1"]

1. d4 Nf6 2. c4 e6 3. Nc3 Bb4 4. Qc2 d5 5. cxd5 exd5 6. Bg5 0-0 7. Bxf6 Qxf6 8. a3 Ba5 9. b4 Bb6 10. e3 c6 11. Bd3 Qg5 12. Nge2 h6 13. 0-0 Nd7 14. Ng3 Nf6 15. Bf5 g6 16. Bxc8 Raxc8 17. h3 Bc7 18. Nce2 h5 19. Rfc1 h4 20. Nf1 Ne4 21. Nc3 f5 22. f4 Qf6 23. Nxe4 dxe4 24. b5 Bd6 25. bxc6 bxc6 26. Qa4 c5 27. d5 Rc7 28. Rab1 g5 29. fxg5 Qxg5 30. Qa6 Qf6 31. Qc4 Rg7 32. Rc2 Qe5 33. Re2 f4 34. exf4 Rxf4 35. Rbe1 e3 36. Rxe3 Rxc4 37. Rxe5 Bxe5 38. Rxe5 Rc1 39. Re8+ Kh7 40. Rf8 Rg5 41. Rf4 Kg6 42. Kh2 Rxd5 43. Ne3 Rd4 44. Rf2 c4 45. Ng4 c3 46. Ne5+ Kg7 47. Nf3 Rd3 48. Nxh4 c2 49. Nf5+ Kh7 0-1

[Event "Montreal June op"]
[Site "Montreal"]
[Date "2006.06.10"]
[Round "3"]
[White "Hajiyev, Elshad"]
[Black "Schleifer, Michael"]
[Result "0-1"]
[WhiteElo "2052"]
[BlackElo "2314"]
[PlyCount "54"]
[EventDate "2006.06.09"]
[EventType "swiss"]
[EventRounds "5"]
[EventCountry "CAN"]
[SourceTitle "EXT 2007"]
[Source "ChessBase"]
[SourceDate "2006.11.23"]
[SourceVersion "1"]
[SourceVersionDate "2006.11.23"]
[SourceQuality "1"]

1. d4 Nf6 2. Nf3 e6 3. Bg5 h6 4. Bxf6 Qxf6 5. e4 d6 6. Nc3 g6 7. Bd3 Bg7 8. 0-0 0-0 9. Re1 Nc6 10. e5 Qe7 11. exd6 Qxd6 12. Nb5 Qd8 13. c3 a6 14. Na3 b6 15. Nc4 Bb7 16. Nce5 Nxe5 17. Nxe5 Rc8 18. Qg4 Qg5 19. Qxg5 hxg5 20. Re3 c5 21. Rg3 Rfd8 22. Nc4 cxd4 23. Nxb6 Rb8 24. Na4 dxc3 25. Nxc3 Be5 26. Rxg5 Bxc3 27. Bxg6 Bf6 0-1

[Event "Beloeil"]
[Site "Beloeil"]
[Date "2006.04.28"]
[Round "1"]
[White "Libersan, Thierry"]
[Black "Schleifer, Michael"]
[Result "1-0"]
[WhiteElo "2175"]
[BlackElo "2363"]
[PlyCount "91"]
[EventDate "2006.04.28"]
[EventType "tourn"]
[EventRounds "5"]
[EventCountry "CAN"]
[SourceTitle "EXT 2007"]
[Source "ChessBase"]
[SourceDate "2006.11.23"]
[SourceVersion "1"]
[SourceVersionDate "2006.11.23"]
[SourceQuality "1"]

1. e4 c5 2. Nf3 e6 3. d4 cxd4 4. Nxd4 Nf6 5. Nc3 d6 6. g4 h6 7. Bg2 a6 8. h3 Qc7 9. Be3 Nc6 10. Qe2 Bd7 11. 0-0-0 Na5 12. Kb1 Rb8 13. h4 b5 14. g5 b4 15. Nd5 Nxd5 16. exd5 e5 17. Bc1 Be7 18. gxh6 g6 19. Nc6 Nxc6 20. dxc6 Bxc6 21. Bxc6+ Qxc6 22. f4 e4 23. h5 d5 24. hxg6 fxg6 25. Qd2 Rd8 26. b3 d4 27. Qg2 Qe6 28. Bb2 Bc5 29. Rdg1 Rd6 30. Qg5 Bb6 31. h7 Qf6 32. Qg4 Bd8 33. f5 g5 34. Qxe4+ Kf7 35. Rd1 Bb6 36. Qb7+ Qe7 37. Qxa6 Kg7 38. Qc4 Rxh7 39. Rxh7+ Kxh7 40. Qxb4 Qe5 41. Re1 Qd5 42. Re7+ Kg8 43. Qe1 Qxf5 44. Re8+ Qf8 45. Rxf8+ Kxf8 46. Ba3 1-0

[Event "Quebec Carnaval op"]
[Site "Quebec"]
[Date "2006.02.19"]
[Round "4"]
[White "Schleifer, Michael"]
[Black "Caron, Sebastien"]
[Result "1-0"]
[WhiteElo "2363"]
[BlackElo "1845"]
[PlyCount "86"]
[EventDate "2006.02.17"]
[EventType "swiss"]
[EventRounds "5"]
[EventCountry "CAN"]
[SourceTitle "EXT 2007"]
[Source "ChessBase"]
[SourceDate "2006.11.23"]
[SourceVersion "1"]
[SourceVersionDate "2006.11.23"]
[SourceQuality "1"]

1. d4 Nf6 2. c4 c5 3. d5 b5 4. cxb5 a6 5. b6 Qxb6 6. Nc3 d6 7. e4 g6 8. Be2 Bg7 9. Nf3 0-0 10. Nd2 Nbd7 11. a4 Rb8 12. a5 Qa7 13. 0-0 Ne5 14. h3 Rb4 15. Kh2 Qc7 16. f4 Ned7 17. Nc4 Ne8 18. Kh1 Bd4 19. Bd3 Qd8 20. Bd2 Rb8 21. Qe2 Nc7 22. Rab1 Nb5 23. Na4 Bg7 24. Nab6 Nxb6 25. Nxb6 Bd7 26. Nxd7 Qxd7 27. Bc4 Qc7 28. Rfc1 Rfc8 29. Qd3 Qd7 30. Re1 Qc7 31. Qg3 Rb7 32. e5 Rcb8 33. Rbc1 Qd8 34. Qd3 Kh8 35. Rcd1 Qc7 36. Re4 dxe5 37. fxe5 Bxe5 38. Bxb5 Rxb5 39. Rxe5 f6 40. Re6 Rxb2 41. d6 Qc6 42. Qf1 R8b3 43. Bc1 Rxg2 1-0

[Event "Montreal Pere Noel op"]
[Site "Montreal"]
[Date "2005.12.30"]
[Round "5"]
[White "Luksza, Arkadiusz"]
[Black "Schleifer, Michael"]
[Result "1/2-1/2"]
[WhiteElo "2192"]
[BlackElo "2358"]
[PlyCount "36"]
[EventDate "2005.12.26"]
[EventType "swiss"]
[EventRounds "5"]
[EventCountry "CAN"]
[SourceTitle "EXT 2007"]
[Source "ChessBase"]
[SourceDate "2006.11.23"]
[SourceVersion "1"]
[SourceVersionDate "2006.11.23"]
[SourceQuality "1"]

1. Nf3 d5 2. c4 c6 3. d4 g6 4. Nc3 Nf6 5. Bg5 Ne4 6. Bf4 Nxc3 7. bxc3 Qa5 8. Qd2 Nd7 9. e3 Nf6 10. Rc1 Ne4 11. Qc2 e5 12. Bxe5 f6 13. Bf4 Nxc3 14. Nd2 Bb4 15. Bd3 Be6 16. c5 Ne4 17. Bxe4 dxe4 18. Rd1 Qxa2 1/2-1/2

[Event "Montreal Pere Noel op"]
[Site "Montreal"]
[Date "2005.12.28"]
[Round "3"]
[White "Schleifer, Michael"]
[Black "Dimev, Kiril"]
[Result "1-0"]
[WhiteElo "2358"]
[BlackElo "2021"]
[PlyCount "117"]
[EventDate "2005.12.26"]
[EventType "swiss"]
[EventRounds "5"]
[EventCountry "CAN"]
[SourceTitle "EXT 2007"]
[Source "ChessBase"]
[SourceDate "2006.11.23"]
[SourceVersion "1"]
[SourceVersionDate "2006.11.23"]
[SourceQuality "1"]

1. c4 e5 2. Nc3 Nf6 3. g3 Bb4 4. Bg2 0-0 5. Nf3 Nc6 6. 0-0 e4 7. Ng5 Bxc3 8. bxc3 Re8 9. f3 e3 10. d3 Qe7 11. Ne4 b6 12. Bxe3 Bb7 13. Bg5 h6 14. Bxf6 gxf6 15. Bh3 Kg7 16. Qd2 Ne5 17. Qf4 d6 18. Bf5 Ng6 19. Qg4 Rh8 20. Qh5 b5 21. cxb5 d5 22. Nf2 Qe3 23. Qg4 h5 24. Qd4 Rhe8 25. Qxe3 Rxe3 26. Rfe1 Rae8 27. Kf1 R8e7 28. Bh3 h4 29. Rab1 hxg3 30. hxg3 R3e5 31. Bg4 f5 32. f4 Re3 33. Bf3 c5 34. bxc6 Bxc6 35. c4 Rd7 36. Rb4 Ne7 37. cxd5 Nxd5 38. Rc4 Re6 39. e4 Nb6 40. Rc5 fxe4 41. Bg4 Red6 42. Bxd7 Nxd7 43. Rg5+ Kf8 44. dxe4 f6 45. Ra5 a6 46. a4 Nb6 47. Rxa6 Nxa4 48. Kg1 Nc5 49. Rb6 Nd7 50. Ra6 Nc5 51. Ra7 Re6 52. Rc1 Nb3 53. Rb1 Nd4 54. Rb8+ Be8 55. f5 Re5 56. Rc7 Nb5 57. Rh7 Kg8 58. Ng4 Kxh7 59. Nxe5 1-0

[Event "Varennes Myriam Roy op"]
[Site "Varennes"]
[Date "2005.12.03"]
[Round "3"]
[White "Schleifer, Michael"]
[Black "Lawson, Eric"]
[Result "1/2-1/2"]
[WhiteElo "2353"]
[BlackElo "2411"]
[PlyCount "88"]
[EventDate "2005.12.02"]
[EventType "swiss"]
[EventRounds "5"]
[EventCountry "CAN"]
[SourceTitle "EXT 2009"]
[Source "ChessBase"]
[SourceDate "2008.11.26"]
[SourceVersion "1"]
[SourceVersionDate "2008.11.26"]
[SourceQuality "1"]

1. c4 e5 2. Nc3 Nc6 3. g3 g6 4. e4 d6 5. Bg2 Bg7 6. Nge2 f5 7. d3 Nge7 8. 0-0 0-0 9. Nd5 h6 10. f4 Be6 11. Be3 Nd4 12. fxe5 dxe5 13. Bxd4 exd4 14. Nef4 Bf7 15. Nxe7+ Qxe7 16. exf5 gxf5 17. Re1 Qb4 18. Qb3 Qc5 19. Qb5 Qxb5 20. cxb5 c6 21. bxc6 bxc6 22. Bxc6 Rab8 23. Re2 Rfd8 24. b3 Rbc8 25. Bg2 a5 26. Bh3 Rc5 27. Rf1 Rdc8 28. Ng2 Rc2 29. Rfe1 Bh5 30. Rxc2 Rxc2 31. Nf4 Bf7 32. Re2 Rc5 33. Bg2 Be5 34. Bf3 Kg7 35. Kf2 Kf6 36. Rd2 Bd6 37. Ne2 Rc7 38. Nf4 Rc1 39. Nd5+ Bxd5 40. Bxd5 Bb4 41. Re2 Rd1 42. Bc4 Rd2 43. Rxd2 Bxd2 44. a3 Bc1 1/2-1/2

[Event "Varennes Myriam Roy op"]
[Site "Varennes"]
[Date "2005.12.03"]
[Round "2"]
[White "Ye, Ling Feng"]
[Black "Schleifer, Michael"]
[Result "0-1"]
[WhiteElo "2090"]
[BlackElo "2353"]
[PlyCount "72"]
[EventDate "2005.12.02"]
[EventType "swiss"]
[EventRounds "5"]
[EventCountry "CAN"]
[SourceTitle "EXT 2009"]
[Source "ChessBase"]
[SourceDate "2008.11.26"]
[SourceVersion "1"]
[SourceVersionDate "2008.11.26"]
[SourceQuality "1"]

1. e4 e6 2. d4 c5 3. Nf3 a6 4. Bd3 cxd4 5. Nxd4 Bc5 6. Nb3 Be7 7. 0-0 Nc6 8. Be3 Nf6 9. f4 d6 10. a4 b6 11. Nc3 Bb7 12. Qe1 0-0 13. Qg3 Nd7 14. Qh3 Nb4 15. Rad1 e5 16. Nd5 Bxd5 17. exd5 Nxd3 18. Rxd3 Rc8 19. c3 Bf6 20. Nd2 exf4 21. Bxf4 Ne5 22. Rg3 Ng6 23. Be3 Be5 24. Rgf3 Rb8 25. Nc4 b5 26. Nxe5 Nxe5 27. Rg3 bxa4 28. Qh5 g6 29. Qh6 Qe7 30. h4 f6 31. h5 Rxb2 32. Bf4 Nf7 33. Rxg6+ hxg6 34. Qxg6+ Kh8 35. Bxd6 Nxd6 36. Qh6+ Kg8 0-1

[Event "Repentigny Lanaudiere op"]
[Site "Repentigny"]
[Date "2003.10.18"]
[Round "3"]
[White "Rousseau, Daniel"]
[Black "Schleifer, Michael"]
[Result "0-1"]
[WhiteElo "2113"]
[BlackElo "2321"]
[PlyCount "96"]
[EventDate "2003.10.17"]
[EventType "swiss"]
[EventRounds "5"]
[EventCountry "CAN"]
[SourceTitle "EXT 2022"]
[Source "ChessBase"]
[SourceDate "2021.10.06"]
[SourceVersion "1"]
[SourceVersionDate "2021.10.06"]
[SourceQuality "1"]

1. e4 c5 2. Nf3 e6 3. d4 cxd4 4. Nxd4 a6 5. Nc3 Qc7 6. Be2 Bb4 7. Bd2 Nf6 8. Bd3 Nc6 9. Nxc6 dxc6 10. 0-0 Bc5 11. Qf3 Bd6 12. Kh1 h5 13. Qh3 Bf4 14. Bxf4 Qxf4 15. Qg3 Qxg3 16. hxg3 h4 17. gxh4 Rxh4+ 18. Kg1 e5 19. f3 Be6 20. Kf2 Ke7 21. Rh1 Rxh1 22. Rxh1 b5 23. a3 Nd7 24. g3 a5 25. Bf1 Nc5 26. Bh3 b4 27. Nb1 Bxh3 28. Rxh3 Rb8 29. b3 a4 30. bxa4 b3 31. cxb3 Rxb3 32. Rh1 Nxa4 33. Rc1 c5 34. Nd2 Rxa3 35. Nc4 Ra2+ 36. Ke3 f6 37. f4 exf4+ 38. gxf4 Rh2 39. e5 Ke6 40. Ra1 Rh3+ 41. Kf2 Nc3 42. Ra6+ Kf5 43. Ne3+ Kxf4 44. exf6 Rxe3 45. f7 Rf3+ 46. Kg2 Ke3 47. Ra3 Rxf7 48. Rxc3+ Kd4 0-1

[Event "Quebec-ch Inv"]
[Site "Montreal"]
[Date "2003.07.05"]
[Round "9"]
[White "Schleifer, Michael"]
[Black "Hebert, Jean"]
[Result "1/2-1/2"]
[WhiteElo "2356"]
[BlackElo "2417"]
[PlyCount "86"]
[EventDate "2003.06.26"]
[EventType "tourn"]
[EventRounds "9"]
[EventCountry "CAN"]
[EventCategory "3"]
[SourceTitle "EXT 2004"]
[Source "ChessBase"]
[SourceDate "2003.11.25"]
[SourceVersion "1"]
[SourceVersionDate "2003.11.25"]
[SourceQuality "1"]

1. Nf3 Nf6 2. d4 g6 3. Bf4 Bg7 4. h3 d6 5. e3 0-0 6. Be2 c5 7. Nbd2 cxd4 8. exd4 Nc6 9. c3 Nd5 10. Bh2 e5 11. dxe5 dxe5 12. 0-0 Be6 13. Ne4 Qb6 14. Nfg5 Nc7 15. Nxe6 Nxe6 16. Qb3 Qc7 17. Rfd1 Na5 18. Qa4 Rad8 19. b4 Nc4 20. Rxd8 Rxd8 21. Qxa7 Nb6 22. Qa3 h6 23. Qb3 Kh7 24. Bg3 Qe7 25. Rd1 Nf4 26. Bb5 f5 27. Rxd8 Qxd8 28. Nc5 Qe7 29. Bxf4 exf4 30. Ne6 Be5 31. a4 Nc8 32. Nd4 Nd6 33. Qd5 Bg7 34. Ne2 Ne4 35. Nxf4 Bxc3 36. Bc4 Qg7 37. b5 Bd4 38. Nd3 Bb6 39. Qf7 Nc3 40. Qxg7+ Kxg7 41. Bb3 Kf6 42. Kf1 g5 43. f3 h5 1/2-1/2

[Event "Quebec-ch Inv"]
[Site "Montreal"]
[Date "2003.07.03"]
[Round "7"]
[White "Kleinplatz, Sam"]
[Black "Schleifer, Michael"]
[Result "0-1"]
[WhiteElo "2312"]
[BlackElo "2356"]
[PlyCount "72"]
[EventDate "2003.06.26"]
[EventType "tourn"]
[EventRounds "9"]
[EventCountry "CAN"]
[EventCategory "3"]
[SourceTitle "EXT 2004"]
[Source "ChessBase"]
[SourceDate "2003.11.25"]
[SourceVersion "1"]
[SourceVersionDate "2003.11.25"]
[SourceQuality "1"]

1. d4 Nf6 2. c4 g6 3. Nc3 Bg7 4. e4 d6 5. Be2 0-0 6. Bg5 Nbd7 7. Qd2 e5 8. Nf3 exd4 9. Nxd4 Nc5 10. Bf3 Qe8 11. Qe3 Ne6 12. Nxe6 Bxe6 13. b3 Ng4 14. Bxg4 Bxg4 15. 0-0 Qe5 16. Rac1 f5 17. Bf4 Qd4 18. Qg3 Rf7 19. c5 dxc5 20. Nb5 Qd7 21. Nxc7 Rc8 22. Rxc5 g5 23. Bd6 f4 24. Qd3 Be2 25. Qd5 Bxf1 26. Kxf1 f3 27. gxf3 Qh3+ 28. Kg1 Qxf3 29. Bg3 h6 30. Qe6 Qd1+ 31. Kg2 Qd7 32. Qc4 Qd4 33. Qe6 Qxc5 34. Qxc8+ Kh7 35. Qxb7 Qc3 36. h3 Be5 0-1

[Event "Quebec-ch Inv"]
[Site "Montreal"]
[Date "2003.06.30"]
[Round "5"]
[White "Voskanyan, Vahagn"]
[Black "Schleifer, Michael"]
[Result "0-1"]
[WhiteElo "2314"]
[BlackElo "2356"]
[PlyCount "119"]
[EventDate "2003.06.26"]
[EventType "tourn"]
[EventRounds "9"]
[EventCountry "CAN"]
[EventCategory "3"]
[SourceTitle "EXT 2004"]
[Source "ChessBase"]
[SourceDate "2003.11.25"]
[SourceVersion "1"]
[SourceVersionDate "2003.11.25"]
[SourceQuality "1"]

1. e4 e6 2. d4 c5 3. Nf3 cxd4 4. Nxd4 Nf6 5. Nc3 d6 6. Be2 Be7 7. Be3 a6 8. a4 Nc6 9. f4 Qc7 10. Nb3 b6 11. 0-0 Bb7 12. Bf3 0-0 13. Qe2 Nd7 14. Rad1 Nc5 15. Nd4 Rfe8 16. Nxc6 Bxc6 17. Bd4 Nxa4 18. Nxa4 Bxa4 19. b3 Bc6 20. Qf2 b5 21. Qe3 Bf8 22. b4 e5 23. Bc3 Be7 24. Ba1 a5 25. bxa5 Rxa5 26. Kh1 Ra4 27. fxe5 dxe5 28. Be2 Bf8 29. Bd3 Kh8 30. Qf3 f6 31. Qe2 Qb7 32. Rb1 b4 33. Bc3 Rb8 34. Qf3 Qe7 35. Qg3 Raa8 36. Bd2 Qe6 37. Rfe1 b3 38. cxb3 Rxb3 39. Bc4 Rxg3 40. Bxe6 Rd3 41. Bb4 Rd4 42. Bxf8 Rxf8 43. Bf5 g6 44. Rbc1 Ba8 45. Bh3 Bxe4 46. Rc7 Rfd8 47. Kg1 Rd1 48. Kf2 R8d2+ 49. Re2 Rxe2+ 50. Kxe2 Rb1 51. Rf7 Rb2+ 52. Kf1 f5 53. Re7 Bd3+ 54. Kg1 e4 55. g4 f4 56. g5 f3 57. Rf7 Rb5 58. Kf2 Rxg5 59. Re7 Rh5 60. Kg3 0-1